000 00272nam a2200097Ia 4500
082 _a780.92|CELE
245 0 _aThe dream of an idol
100 _a Cele lloyd Tyger Valley (South Africa), 2013
_955757
942 _cBK
008 210817s9999 xx 000 0 und d
999 _c175069
_d175071